书目信息 |
| 题名: |
中国器乐作品赏析
|
|
| 作者: | 张又弛 , 张富岩 编著 | |
| 分册: | ||
| 出版信息: | 沈阳 春风文艺出版社 2006 |
|
| 页数: | 166页 | |
| 开本: | 26cm | |
| 丛书名: | ||
| 单 册: | ||
| 中图分类: | J632.07 | |
| 科图分类: | ||
| 主题词: | 民族器乐--器乐曲--音乐欣赏--中国 , 民族器乐 , 音乐欣赏 , 器乐曲 | |
| 电子资源: | ||
| ISBN: | 7-5313-2910-7 | |
| 000 | 00900nam0 2200277 450 | |
| 001 | 003055082 | |
| 005 | 20070804152347.15 | |
| 010 | @a7-5313-2910-7@dCNY28.00 | |
| 100 | @a20060104d2006 em y0chiy0110 ea | |
| 101 | 0 | @achi |
| 102 | @aCN@b210000 | |
| 105 | @ag z 000yy | |
| 200 | 1 | @a中国器乐作品赏析@9zhong guo qi yue zuo pin shang xi@f张又弛,张富岩编著 |
| 210 | @a沈阳@c春风文艺出版社@d2006 | |
| 215 | @a166页@d26cm | |
| 300 | @a“音乐欣赏”教学参考书 | |
| 330 | @a本书从认识中国民族乐器入手,系统地介绍了乐器法、对乐曲进行讲解、对曲式进行分析,使读者更好地欣赏这些具有代表性的中国传统曲目。 | |
| 606 | 0 | @a民族器乐@x器乐曲@x音乐欣赏@y中国 |
| 606 | 0 | @a民族器乐 |
| 606 | 0 | @a音乐欣赏 |
| 606 | 0 | @a器乐曲 |
| 690 | @aJ632.07@v4 | |
| 701 | 0 | @a张又弛@9zhang you chi@c(女)@4编著 |
| 701 | 0 | @a张富岩@9zhang fu yan@4编著 |
| 801 | 0 | @aCN@bNLC@c20070804 |
| 905 | @a10447@dJ632.07@e59 | |
| 中国器乐作品赏析/张又弛,张富岩编著.-沈阳:春风文艺出版社,2006 |
| 166页;26cm |
| “音乐欣赏”教学参考书 |
| ISBN 7-5313-2910-7:CNY28.00 |
| 本书从认识中国民族乐器入手,系统地介绍了乐器法、对乐曲进行讲解、对曲式进行分析,使读者更好地欣赏这些具有代表性的中国传统曲目。 |
| ● |
| 相关链接 |
|
|
|
|
正题名:中国器乐作品赏析
索取号:J632.07/59
 
预约/预借
| 序号 | 登录号 | 条形码 | 馆藏地/架位号 | 状态 | 备注 |
| 1 | 0803347 | 208033475 | 第一样本阅览室/ [索取号:J632.07/59] | 在馆 | |
| 2 | 0803348 | 208033484 | 第一借阅区/ [索取号:J632.07/59] | 在馆 | |
| 3 | 0803349 | 208033493 | 第一借阅区/ [索取号:J632.07/59] | 在馆 | |
| 4 | 0803350 | 208033509 | 第一借阅区/ [索取号:J632.07/59] | 在馆 | |
| 5 | 0803351 | 208033518 | 第一借阅区/ [索取号:J632.07/59] | 在馆 | |
| 6 | 0803352 | 208033527 | 第一借阅区/ [索取号:J632.07/59] | 在馆 | |
| 7 | 0803353 | 208033536 | 第一借阅区/ [索取号:J632.07/59] | 在馆 | |
| 8 | 0803354 | 208033545 | 密集书库-音乐系/ [索取号:J632.07/59] | 在馆 | |
| 9 | 0803355 | 208033554 | 密集书库-音乐系/ [索取号:J632.07/59] | 在馆 | |
| 10 | 0803356 | 208033563 | 密集书库-音乐系/ [索取号:J632.07/59] | 在馆 |